20 Animaux commençant par H,I,J ou K - Statistiques

Statistiques générales
  • Ce quiz a été pris 44 fois
  • Le résultat moyen est 8 sur 20
Statistiques - réponses
Animal % Correct
20 Koala
92%
18 Jaguar
82%
15 Iguane
76%
7 Hibou
68%
19 Kangourou
61%
6 Héron
50%
4 Hérisson
45%
9 Hippopotame
42%
10 Hirondelle
37%
8 Hippocampe
34%
1 Hamster
29%
2 Hanneton
29%
14 Ibis
26%
16 Impala
26%
13 Hulotte
24%
3 Hareng
21%
5 Hermine
21%
11 Homard
13%
12 Huitre
11%
17 Inseparable
0%
Aucun quiz correspondant
Distribution des résultats
% des personnes avec chaque résultat
Percentile par nombre de réponses
Votre historique - résultats
Vous n’avez pas pris ce quiz